00941cam a22002658i 4500001000500000005001700005020002500022040002300047050001500070082001000085100003300095245008200128260001900210300004500229505000800274520008800282521002300370521002000393650001300413700003300426906004500459942001500504999001500519952014100534161720230911140957.0 a9780974778976q(pdf) aDLCbengcDLCerda00aPZ7.C7698400a177.11 aCook, Julia,d1964-eauthor.10aMy mouth is a volcano cwritten by Julia Cook ; illustrated by Carrie Hartman aCTC Publishing a32 pages :bColor illustrations ;c21 cm aO  aThis book teaches children to manage their thoughts and words without interrupting. a600 bLexile AD  aO bRaz-Plus  1vFiction.1 aHartman, Carrieeillustrator a7bcbccorignewd1eecipf20gy-gencatlg 2ddccBKn0 c1617d1617 00112ddc40708JUVFa001b001cTTPd2023-09-11l1oCOO Fic PZ7.C76984pFIS04960r2023-12-11 13:17:21s2023-12-11w2023-09-11yBKzPaid